| 000 | 012880000a22002290004500 | ||
|---|---|---|---|
| 020 | _a84-254-2275-2 | ||
| 041 | 0 | _aEspañol | |
| 082 | 0 | 4 | _aG 299.932 M3468g |
| 100 | 1 | _aMarkschies, Christoph | |
| 245 | 1 | 0 | _aLa gnosis / Christoph Markschies ; Traducido por Constantino Ruiz-Garrido |
| 260 | _aBarcelona : Herder | ||
| 300 | _a172 páginas | ||
| 500 | _aTítulo original en Alemán : Die Gnosis | ||
| 501 | _arústico | ||
| 505 | 0 | 0 | _aPrefacio -- Introducción -- El concepto de Gnosis -- ¿Gnosis o Gnosticismo? -- Problemas principales del debate moderno -- Autores antiguos críticos con la gnosis que transmiten textos originales -- Autores críticos con la gnosis que ofrecen informes sobre los herejes -- Textos gnósticos originales, escritos principalmente en lengua copta -- Textos no gnósticos -- Formas de la gnosis en la antigüedad -- Grandes esbozos sistemáticos de la gnosis antigua -- El maniqueísmo como culminación y término final -- ¿Antiguas comunidades de gnósticos? -- La gnosis en el mundo antiguo y en la actualidad -- Apéndices |
| 650 | 1 | 4 | _aGnosis \ Gnosticismo - Historia \ Textos Gnósticos |
| 001 | 18802 | ||
| 942 | _cBK | ||
| 999 |
_c45208 _d45208 |
||
| 336 |
_atexto _btxt _2rdacontent |
||
| 337 |
_2rdamedia _asin mediación _bn |
||
| 338 |
_2rdacarrier _avolumen _bnc |
||